000 00549cam a22002291 4500
001 sa 62000961
003 DLC
005 20260227111916.0
008 890613s1961 ii 000 0 hino
010 _asa 62000961
035 _a(OCoLC)19865638
040 _aDLC
_cWaU
_dDLC
042 _apremarc
050 0 0 _aPK2038
_b.S35
100 1 _aSarma, Sivadatta.
245 1 0 _aSāhityaka nibandha pradīpa.
260 _c[1961]
300 _a523 p.
_c23 cm.
500 _aIn Hindi.
650 0 _aHindi literature.
700 1 _aŚarmā, Saroja.
999 _c53111
_d53111